Govt. of
Madhya Pradesh

छत्रपति शिवाजी (Record no. 65106)

MARC details
000 -LEADER
fixed length control field 00332nam a2200109Ia 4500
008 - FIXED-LENGTH DATA ELEMENTS--GENERAL INFORMATION
fixed length control field 221009s9999 xx 000 0 und d
082 ## - DEWEY DECIMAL CLASSIFICATION NUMBER
Classification number 891.433/MIS/N
100 ## - MAIN ENTRY--PERSONAL NAME
Personal name मिश्र , भगवत शरण
9 (RLIN) 78059
245 #0 - TITLE STATEMENT
Title छत्रपति शिवाजी
260 ## - PUBLICATION, DISTRIBUTION, ETC. (IMPRINT)
Name of publisher, distributor, etc. राजेश प्रकाशन
942 ## - ADDED ENTRY ELEMENTS (KOHA)
Koha item type Books

No items available.